1684 1799 1947 1289 1728 1426 1483 1563 1462 1706 1305 1953 1362 1112 1381 1808 1666 1233 1426 1375 1050 1172 1706 1247 1879 1983 1331 1682 1258 1299 1597 1704 1713 1876 1460 1293 1052 1043 1200 1928 1243 1261 1846 1267 1738 1744 1674 1598 1385 1525 1724 1355 1283 1535 1690 1561 1372 1507 1767 1323 1341 1840 1516 1401 1910 1746 1745 1409 1501 1511 1406 1122 1895 1996 1405 1166 1386 1762 1443 1803 1089 1987 1650 1861 1339 1340 1443 1523 1093 1999 1837 1245 1170 1124 1169 1967 1475 1091 1348 BCNSPRNW ULIB Ver.6.0+V

เปลี่ยนเป็นภาษาไทย

Change to English
 แสดงรายละเอียดบรรณานุกรม
  กลับหน้าหลัก

Brief Record : Get Marc (ISO 2709) : E-mail record : QR code < ปิดหน้าต่าง
LEADER : 00000nam 2200000uu 4500
001    13399114482
003     ULIB
008    120404s2550||||th 000 0 tha d
020    ^a9789747187687
060  4 ^aWA395^bก695
110 1  ^aใกล้หมอ
245 10 ^aกิน-อยู่อย่างรู้ทัน=^bLiving beware/^cเอื้อมพร สกุลแก้ว,บรรณาธิการ
246 31 ^aLiving beware
250    ^aพิมพ์ครั้งที่
260    ^aกรุงเทพฯ:^bใกล้หมอ,^c2550
300    ^a122 หน้า
650  7 ^aการดำเนิชีวิต
650  7 ^aกินเพื่อสุขภาพ
650  7 ^aนอนหลับ
650  7 ^aเพศสัมพันธ์
650  7 ^aอาหารเพื่อสุขภาพ
945    ^p130^l0^i14321
995    ^aกัณชพร
999    ^aใช้งานได้ทุกระบบ
รายการนี้ยังไม่มีแท็ก
คุณยังไม่ได้ล็อกอิน คุณสามารถมีกิจกรรมร่วมกับเว็บไซต์ได้ แต่ต้องล็อกอินก่อน ::
  ล็อกอิน

รายการสื่อสารสนเทศ

ลำดับที่ ประเภท เลขเรียก/บาร์โค้ด สถานที่ สถานะ
- ไม่พบข้อมูล -

รายการใกล้เคียง
    หัวเรื่อง [การดำเนิชีวิต]
    หัวเรื่อง [กินเพื่อสุขภาพ]
    หัวเรื่อง [นอนหลับ]
    หัวเรื่อง [เพศสัมพันธ์]
    หัวเรื่อง [อาหารเพื่อสุขภาพ]

BibComment


ยังไม่เคยถูกคอมเมนท์

คอมเมนท์ทรัพยากรรายการนี้
  คอมเมนท์: กินอยู่อย่างรู้ท..


 Copyright 2026. Bcnsprnw @Library